000 01290nam a2200253 4500
001 3606490
003 AUA.1
005 20160417115719.0
008 730207s1972 txu 001 0 eng
010 _a 72084170
040 _aDLC
_cDLC
_dDLC
050 0 0 _aBS1198
_b.R87
082 0 0 _a224
100 1 _aRust, Eric Charles.
_946956
245 1 0 _aCovenant and hope :
_ba study in the theology of the prophets /
_c[by] Eric C. Rust.
260 _aWaco, Tex.,
_bWord Books,
_c[1972]
300 _a192 p.
_c23 cm.
350 _a$5.95
505 _a Hebrew prophetism and the emergence of the classical prophets -- Righteousness of God and the Day of Yahweh -- Covenant love of Yahweh -- Lord of history and the Holy One of Israel -- Hope of an individual covenant -- Divine presence and the re-creating Spirit -- Redeemer of Israel and the suffering servant -- Descent of the Spirit and the figure of the Son of Man -- Prophetic testimony as Christian revelation.
650 0 _aProphets.
_946957
906 _a7
_bcbc
_corignew
_d2
_eopcn
_f19
_gy-gencatlg
942 _2lcc
_cBOOK
_hBS 1198
_i.R87 1972
999 _c13335
_d13335